000 00377pam a2200145a 44500
008 230405s2015 xxu||||| |||| 00| 0 eng d
041 _aENG
100 _aVASANDANI V P
245 _aTHEORY & DESIGN OF HYDRAULIC MACHINES INCLUDING BASIC FLUID MECHANICS
260 _aNEW DELHI
_bKHANNA PUB
_c2015
300 _aP.B,624
650 _aMECH
690 _aMECH
906 _a3606
999 _c817801
_d817801